Independent Learning Project for Advanced Chemistry: (Record no. 13416)

MARC details
000 -LEADER
fixed length control field 00550nam a22001937a 4500
001 - CONTROL NUMBER
control field 13416
005 - DATE AND TIME OF LATEST TRANSACTION
control field 20251117122607.0
008 - FIXED-LENGTH DATA ELEMENTS--GENERAL INFORMATION
fixed length control field 251117b xxu||||| |||| 00| 0 eng d
020 ## - INTERNATIONAL STANDARD BOOK NUMBER
International Standard Book Number 0719540429
040 ## - CATALOGING SOURCE
Original cataloging agency BSU
Transcribing agency BSULIB
Modifying agency BSU
041 ## - LANGUAGE CODE
Language code of text/sound track or separate title English
082 ## - DEWEY DECIMAL CLASSIFICATION NUMBER
Edition number 21
Classification number 541,392
Item number INT
245 ## - TITLE STATEMENT
Title Independent Learning Project for Advanced Chemistry:
Remainder of title S-Block Elements-(ILPAC; Unit 11)
260 ## - PUBLICATION, DISTRIBUTION, ETC. (IMPRINT)
Place of publication, distribution, etc London:
Name of publisher, distributor, etc John Murray (Publishers) Ltd
Date of publication, distribution, etc c1984
300 ## - PHYSICAL DESCRIPTION
Extent vii, 52p.;
Other physical details ill.
Dimensions 30cm
650 ## - SUBJECT ADDED ENTRY--TOPICAL TERM
Source of heading or term Science
658 ## - INDEX TERM--CURRICULUM OBJECTIVE
Main curriculum objective Chemistry
942 ## - ADDED ENTRY ELEMENTS (KOHA)
Source of classification or shelving scheme Dewey Decimal Classification
Item type Books
Holdings
Withdrawn status Lost status Source of classification or shelving scheme Damaged status Not for loan Home library Current library Shelving location Date acquired Source of acquisition Inventory number Total Checkouts Full call number Barcode Date last seen Copy number Price effective from Koha item type Public note
    Dewey Decimal Classification     Main Library Main Library Open Shelves 17/11/2011 Donation. 24861   541.3 INT bsu25110186 17/11/2025 001 17/11/2025 Books Material Available In Hardcopy

© 2017 Bishop Stuart University Library. All Rights Reserved.
Kakoba Campus, Plot 150 Buremba Road | P.O. Box 9, Mbarara, UGANDA | Tel: +256-772-463068
Email: library@bsu.ac.ug